[Event "RUS-ch sf"]
[Site "Gatchina"]
[Date "2000.??.??"]
[Round "6"]
[White "Shepitko, Igor"]
[Black "Yakkimaienen, Vjaino"]
[Result "0-1"]
[WhiteElo "2160"]
[BlackElo "2350"]
[PlyCount "72"]
[EventDate "2000.??.??"]
[EventType "swiss"]
[EventRounds "9"]
[EventCountry "RUS"]
[SourceTitle "EXT 2001"]
[Source "ChessBase"]
[SourceDate "2000.11.22"]
[SourceVersion "1"]
[SourceVersionDate "2000.11.22"]
[SourceQuality "1"]

1. d4 Nf6 2. c4 e6 3. Nf3 b6 4. e3 Bb7 5. Be2 Be7 6. 0-0 0-0 7. Nc3 d5 8. cxd5 exd5 9. Ne5 c5 10. Bf3 Re8 11. b3 Na6 12. Be2 Nc7 13. Nb5 Ne6 14. Bh5 g6 15. Be2 Bf8 16. Na3 Ne4 17. Bb2 cxd4 18. Bb5 Re7 19. exd4 Rc7 20. Nb1 Rac8 21. Bd3 Nf4 22. Na3 a6 23. Rc1 Qg5 24. g3 Nh3+ 25. Kg2 Nhxf2 26. Qf3 Qd2 27. Rc2 Rxc2 28. Nxc2 Nxd3+ 29. Kg1 Ng5 30. Qxd3 Qxd3 31. Nxd3 Rxc2 32. Bc1 Nh3+ 33. Kh1 Bc8 34. Ne1 Rxc1 35. Kg2 Ng5 36. h4 Bh3+ 0-1